000 00323nam a2200133Ia 4500
008 190216s9999||||xx |||||||||||||| ||und||
100 _aAbdul Assis Koroth
245 0 _aInvestment Manegement
250 _aI
260 _bCalicut University Central Co-Operative
_c2006
300 _a340
650 _aCommerce
942 _cBK
999 _c8160
_d8160